Rekordtransfers der Fußball-Bundesliga - Statistiken

Allgemein
  • Dieses Quiz wurde 3.261 mal gespielt
    451 seit der letzten Aktualisierung
  • Das Durchschnittsergebnis liegt bei 10 aus 36
Antwortstatistiken
Verein Rekord Summe Spielername % Korrekt
Bayern München Zugang 100 Mio. Harry Kane
97%
Borussia Dortmund Zugang 35 Mio. Ousmane Dembélé
79%
Borussia Dortmund Abgang 148 Mio. Ousmane Dembélé
79%
Bayer Leverkusen Abgang 125 Mio. Florian Wirtz
72%
Bayern München Abgang 45 Mio. Lucas Hernández / Robert Lewandowski / Matthijs de Ligt
72%
Eintracht Frankfurt Abgang 95 Mio. Randal Kolo Muani / Hugo Ekitiké
59%
VfL Wolfsburg Abgang 76 Mio. Kevin De Bruyne
50%
RB Leipzig Zugang 50 Mio. Xavi Simons
48%
VfB Stuttgart Abgang 85 Mio. Nick Woltemade
45%
Eintracht Frankfurt Zugang 31,5 Mio. Hugo Ekitiké
35%
RB Leipzig Abgang 90 Mio. Josko Gvardiol
35%
VfL Wolfsburg Zugang 43 Mio. Julian Draxler
35%
1.FC Heidenheim Zugang 3,5 Mio. Tim Kleindienst / Niklas Dorsch
30%
VfB Stuttgart Zugang 26,7 Mio. Deniz Undav
27%
1. FC Köln Abgang 29 Mio. Anthony Modeste
25%
Borussia Mönchengladbach Zugang 23 Mio. Alassane Plea
24%
Borussia Mönchengladbach Abgang 45 Mio. Granit Xhaka
24%
Bayer Leverkusen Zugang 35 Mio. Malik Tillman / Jarell Quansah
20%
FC Augsburg Zugang 16,4 Mio. Ricardo Pepi
16%
TSG Hoffenheim Abgang 44 Mio. Joelinton
15%
SC Freiburg Zugang 10,4 Mio. Ritsu Doan
12%
Werder Bremen Abgang 27 Mio. Diego
11%
SC Freiburg Abgang 25 Mio. Kevin Schade
11%
1.FC Heidenheim Abgang 9 Mio. Leo Scienza
11%
TSG Hoffenheim Zugang 18 Mio. Adam Hlozek
10%
Werder Bremen Zugang 13,5 Mio. Davy Klaassen
10%
Union Berlin Zugang 13 Mio. Robin Gosens
10%
Mainz 05 Abgang 31,5 Mio. Brajan Gruda
8%
Union Berlin Abgang 20,5 Mio. Taiwo Awoniyi
8%
Hamburger SV Zugang 14 Mio. Filip Kostić
7%
FC Augsburg Abgang 26 Mio. Abdul Rahman Baba
5%
Mainz 05 Zugang 10 Mio. Benedict Hollerbach
5%
FC St. Pauli Zugang 4 Mio. Martijn Kaars
3%
Hamburger SV Abgang 18 Mio. Nigel de Jong
3%
FC St. Pauli Abgang 5,5 Mio. Philipp Treu
1%
1. FC Köln Zugang 17 Mio. Armin Gigovic
0%
Keine übereinstimmenden Quizze gefunden
Verteilung der Resultate
Anzahl Personen mit jedem Resultat
Perzentil nach korrekt beantworteten Fragen
Ihre Resultats-Entwicklung
Sie haben dieses Quiz seit der letzten Aktualisierung nicht gespielt